000 00567nam a22001697a 4500
005 20240827165155.0
010 _aENG-141481
020 _a9788178246680
_c895.00
035 _aEN-125013
037 _bDBAD
082 _a921
_21
245 _aGentle Resistance:
_bThe Autobiography of Chandi Prasad bhatt/
_cEdited By Samir Banerjee
260 _aRanikhet
_bPermanent Black
_c2024
270 _aHimalayana Mall Road,Ranikhet Cantt,
_bRanikhet
_e263645
_mperblack@gmail.com
300 _axvii,348p.:
_c22cm(hb)
_bIndex
942 _2ddc
_cEN
_h921
_mGEN
_e1
999 _c205322
_d205322